01000nam a2200265Ia 450000100060000000300100000600500170001600700030003300800410003602000180007704000350009504100080013008400110013810000320014924501850018125000220036626400470038830000690043533600270050433700330053133800280056450000550059265000090064770000780065657278CO-BoRNBP20250611170302.0ta180109s9999 xx 000 0 und d a9788494416040 aCO-BoRNBPbspaerdacCO-BoRNBP aspa aN DEF11 aDefoë, Daniel, 1661?-173110aVida y extrañas y sorprendentes aventuras de Robinson Crusoe, marinero de York, escritas por él mismo /cDaniel Defoe ; ilustraciones Carybé ; traducido por Julio Cortázar. aPrimera edición 1aBuenos Aires :bLibros del zorro rojo;2015 a587 páginas :bilustraciones y fotografías en color ;c25 cm atextobtxt2rdacontent asin mediaciónbn2rdamedia avolumenbnc2rdacarrier aIncluye información biográfica de los autores. 2LEMB1 aCarybé, 1911-1997, ilustrador \ Cortázar, Julio, 1914-1984, traductor